Tuyển tập Nguyễn Thành Long
Đã lưu trong:
| Tác giả chính: | |
|---|---|
| Định dạng: | Sách |
| Ngôn ngữ: | Vietnamese |
| Được phát hành: |
H.
Nxb. Văn học
1995
|
| Loạt: | Văn học hiện đại Việt Nam
|
| Các nhãn: |
Thêm thẻ
Không có thẻ, Là người đầu tiên thẻ bản ghi này!
|
| Thư viện lưu trữ: | Mạng thư viện Đại học Đà Nẵng |
|---|
| LEADER | 00945nam a2200289 4500 | ||
|---|---|---|---|
| 001 | 000014505 | ||
| 003 | 10872 | ||
| 005 | 20120507080558.0 | ||
| 008 | 120507s1995 viesd | ||
| 020 | |c 35000 | ||
| 041 | 0 | |a vie | |
| 082 | |a 895.922334 |b NG-L | ||
| 100 | 0 | |a Nguyễn Thành Long | |
| 245 | 0 | |a Tuyển tập Nguyễn Thành Long |c Nguyễn Thành Long | |
| 260 | |a H. |b Nxb. Văn học |c 1995 | ||
| 300 | |a 575 tr. |c 21cm | ||
| 490 | |a Văn học hiện đại Việt Nam | ||
| OWN | |a LSP | ||
| AVA | |a UDN50 |b LSP |d 895.922334 NG-L |e available |t Error 5001 Not defined in file expand_doc_bib_avail. |f 2 |g 0 |h N |i 0 |k 1 | ||
| 999 | |a From the UDN01 | ||
| AVA | |a UDN50 |b LSP |d 895.922334 NG-L |e available |t Error 5001 Not defined in file expand_doc_bib_avail. |f 2 |g 0 |h N |i 0 |k 1 | ||
| TYP | |a Monograph | ||
| TYP | |a Printed language | ||
| 980 | |a Mạng thư viện Đại học Đà Nẵng | ||